[Event "Politiken Cup 2007"]
[Site "Helsingor"]
[Date "2007.07.22"]
[Round "2.106"]
[White "Suntharalingam, Jathavan"]
[Black "Rasmussen, Morten"]
[Result "0-1"]
[WhiteElo "1540"]
[BlackElo "1958"]
[PlyCount "194"]
[EventDate "2007.??.??"]

1. e4 e5 2. Nf3 Nf6 3. Nxe5 d6 4. Nf3 Nxe4 5. Nc3 Nxc3 6. bxc3 Be7 7. d4 c6 8.
Bf4 Nd7 9. Bd3 Nf6 10. O-O O-O 11. Re1 Bg4 12. h3 Bh5 13. Rb1 Qd7 14. Rb3 b6
15. Ba6 Rfe8 16. c4 Bxf3 17. Qxf3 Bf8 18. Rd1 d5 19. cxd5 Nxd5 20. Bg3 Nb4 21.
Bc4 b5 22. Bd3 Nxd3 23. Rbxd3 Qd5 24. Qxd5 cxd5 25. Re3 Rxe3 26. fxe3 Rc8 27.
Rb1 a6 28. Rb2 Ba3 29. Rb3 Be7 30. c3 Rc4 31. Kf2 f5 32. Be5 Kf7 33. Kf3 g6 34.
g4 fxg4+ 35. Kxg4 Ke6 36. Bg7 h5+ 37. Kf3 Kf5 38. Bh6 g5 39. Bg7 g4+ 40. hxg4+
hxg4+ 41. Kg3 Bd6+ 42. Kg2 Ke4 43. Bh6 Ra4 44. Rb2 Kd3 45. Bf4 Bxf4 46. exf4
Kxc3 47. Rf2 Rxd4 48. f5 Re4 49. f6 Re8 50. f7 Rf8 51. Kf1 d4 52. Ke2 d3+ 53.
Ke3 g3 54. Rd2 Rxf7 55. Rxd3+ Kc4 56. Rd4+ Kc5 57. Rg4 Rf2 58. a4 Ra2 59. axb5
Ra3+ 60. Kd2 axb5 61. Rg5+ Kb4 62. Rg4+ Ka5 63. Rg5 Ra2+ 64. Kd3 g2 65. Kc3 Kb6
66. Kb4 Kc6 67. Kb3 Rf2 68. Kb4 Kd6 69. Kxb5 Ke6 70. Kc4 Kf6 71. Rg8 Ke5 72.
Kd3 Kf4 73. Kd4 Kf3 74. Kd3 Ra2 75. Rg7 Kf2 76. Rf7+ Ke1 77. Rg7 Kf1 78. Rf7+
Rf2 79. Rg7 g1=Q 80. Rxg1+ Kxg1 81. Ke3 Kg2 82. Ke4 Rf3 83. Ke5 Kg3 84. Kd4 Kf4
85. Kd5 Rd3+ 86. Kc5 Ke5 87. Kc6 Rc3+ 88. Kb5 Kd5 89. Kb4 Kd4 90. Kb5 Rc4 91.
Kb6 Kd5 92. Kb7 Rc6 93. Kb8 Kd6 94. Kb7 Kd7 95. Kb8 Rb6+ 96. Ka8 Kc7 97. Ka7
Rc6 0-1

[Event "Politiken Cup 2007"]
[Site "Helsingor"]
[Date "2007.07.22"]
[Round "2.107"]
[White "Jogvansson, Hjalti Toftum"]
[Black "Jorgensen, Kasper Moller"]
[Result "0-1"]
[WhiteElo "1519"]
[BlackElo "1954"]
[PlyCount "58"]
[EventDate "2007.??.??"]

1. d4 d5 2. Nf3 Nf6 3. Bf4 e6 4. e3 Be7 5. Bd3 O-O 6. Nbd2 b6 7. Ne5 Bb7 8. g4
Nbd7 9. g5 Ne4 10. h4 Re8 11. Bb5 Nxe5 12. Bxe8 Bb4 13. O-O Nxd2 14. Bxe5 Qxe8
15. c3 Nxf1 16. cxb4 Ba6 17. a4 Bc4 18. Ra3 f6 19. b3 Nxe3 20. fxe3 fxe5 21.
bxc4 dxc4 22. dxe5 Rd8 23. Qe2 Qg6 24. Rc3 Qb1+ 25. Kf2 Rf8+ 26. Kg2 Qe4+ 27.
Kg1 Qxe5 28. Rxc4 Qg3+ 29. Kh1 Rf2 0-1

[Event "Politiken Cup 2007"]
[Site "Helsingor"]
[Date "2007.07.22"]
[Round "2.108"]
[White "Thorvaldsson, Arni"]
[Black "Clausen, Jørgen"]
[Result "1-0"]
[WhiteElo "1947"]
[BlackElo "1543"]
[PlyCount "45"]
[EventDate "2007.??.??"]

1. e4 Nc6 2. Nc3 g6 3. d4 Bg7 4. Be3 d6 5. Qd2 e6 6. O-O-O Nge7 7. Kb1 O-O 8.
h4 d5 9. f3 dxe4 10. fxe4 e5 11. d5 Nd4 12. Bh6 Bg4 13. Nge2 c6 14. h5 cxd5 15.
hxg6 fxg6 16. Bxg7 Kxg7 17. Qh6+ Kf6 18. Qh4+ Kg7 19. Qxh7+ Kf6 20. Qh4+ Kf7
21. Qxg4 Qc7 22. exd5 Nxd5 23. Rh7+ 1-0

[Event "Politiken Cup 2007"]
[Site "Helsingor"]
[Date "2007.07.22"]
[Round "2.109"]
[White "Nielsen, Poul Bang"]
[Black "Nielsen, Jens Holm"]
[Result "0-1"]
[WhiteElo "1506"]
[BlackElo "1946"]
[PlyCount "92"]
[EventDate "2007.??.??"]

1. d3 d5 2. f4 g6 3. Nf3 Bg7 4. g3 c6 5. Nc3 Nf6 6. Bg2 Bg4 7. h3 Bc8 8. Be3
Nbd7 9. Bf2 Qc7 10. e4 dxe4 11. dxe4 e5 12. Qd2 Bh6 13. Be3 Nh5 14. fxe5 Bxe3
15. Qxe3 Nxe5 16. O-O-O Nxf3 17. Bxf3 Ng7 18. Qd4 O-O 19. g4 Qf4+ 20. Kb1 Qxf3
21. Rdf1 Qg3 22. e5 Ne6 23. Qd6 Qh4 24. Ne4 Qd8 25. Nf6+ Kg7 26. Qa3 Qd4 27.
Qg3 h6 28. h4 b6 29. Rhg1 Ba6 30. Rd1 Qc4 31. Qf3 Rad8 32. Nd7 Qf4 33. Qa3 Rxd7
34. Rxd7 Bc4 35. Qxa7 b5 36. g5 h5 37. b3 Bd5 38. Qa5 Qxh4 39. Rf1 Nf4 40. Qc7
Ne2 41. Qd6 Nc3+ 42. Kb2 Ne4 43. Qc7 Qg3 44. Rfxf7+ Rxf7 45. Rxf7+ Bxf7 46.
Qxc6 Qxe5+ 0-1

[Event "Politiken Cup 2007"]
[Site "Helsingor"]
[Date "2007.07.22"]
[Round "2.110"]
[White "Andersen, Dag"]
[Black "Christensen, Casper"]
[Result "1-0"]
[WhiteElo "1944"]
[BlackElo "1524"]
[PlyCount "119"]
[EventDate "2007.??.??"]

1. e4 c5 2. Nf3 a6 3. d4 cxd4 4. Nxd4 Nc6 5. Nc3 e5 6. Nb3 d6 7. Be3 Be7 8. Nd5
Nf6 9. Bb6 Qd7 10. Nc7+ Kf8 11. Nxa8 Nxe4 12. Bd3 Ng5 13. Be3 Ne6 14. Nb6 Qd8
15. Nd5 h6 16. Qd2 Bg5 17. Bxg5 Nxg5 18. O-O-O b5 19. h4 Ne6 20. Rdf1 Nc5 21.
Nxc5 dxc5 22. Ne3 Be6 23. a3 b4 24. Bc4 Qc8 25. Qd6+ Kg8 26. Bxe6 Qxe6 27. Qxe6
fxe6 28. axb4 cxb4 29. f4 exf4 30. Rxf4 a5 31. Rhf1 Kh7 32. Rf8 Rg8 33. Rxg8
Kxg8 34. Nc4 a4 35. Nb6 a3 36. bxa3 bxa3 37. Kb1 Nd4 38. c4 Kh7 39. Ka2 Nc2 40.
Rf2 Nb4+ 41. Kxa3 Nd3 42. Rd2 Ne5 43. c5 Kg8 44. Ka4 Kf7 45. Kb5 Ke7 46. Nc8+
Kf6 47. Nd6 g5 48. hxg5+ hxg5 49. Nc4 Ng6 50. c6 Ne7 51. c7 Kf5 52. Rd7 Nc8 53.
Nd6+ Nxd6+ 54. Rxd6 Ke5 55. Kc6 Kf4 56. c8=Q Kg3 57. Rd3+ Kxg2 58. Kd6 g4 59.
Qc2+ Kh1 60. Rd1# 1-0

[Event "Politiken Cup 2007"]
[Site "Helsingor"]
[Date "2007.07.22"]
[Round "2.111"]
[White "Ringoir, Guy"]
[Black "Christensen, Simon Ellegaard"]
[Result "1-0"]
[WhiteElo "1938"]
[BlackElo "1508"]
[PlyCount "79"]
[EventDate "2007.??.??"]

1. e4 e6 2. d4 d5 3. Nd2 Nf6 4. e5 Nfd7 5. f4 c5 6. c3 Nc6 7. Ndf3 Qb6 8. h4
cxd4 9. cxd4 Qa5+ 10. Kf2 f5 11. a3 Qb6 12. Ne2 Nd8 13. Nc3 Nf7 14. Bd3 Nh6 15.
g3 a6 16. Kg2 Ng4 17. Qc2 Nb8 18. Nxd5 exd5 19. Qxc8+ Ke7 20. Qxf5 Nh6 21. Qg5+
Ke8 22. Be3 Qxb2+ 23. Bf2 Qc3 24. Rhd1 Nc6 25. f5 Rg8 26. f6 gxf6 27. Qh5+ Nf7
28. e6 Ncd8 29. exf7+ Nxf7 30. Re1+ Be7 31. Bf5 Rg7 32. Rac1 Qa5 33. Re3 Kf8
34. Rce1 Bxa3 35. Bxh7 Qc7 36. Rxa3 b5 37. Bg6 Nd6 38. Qh8+ Rg8 39. Qxf6+ Nf7
40. Rae3 1-0

[Event "Politiken Cup 2007"]
[Site "Helsingor"]
[Date "2007.07.22"]
[Round "2.112"]
[White "Olafsson, Olafur"]
[Black "Erikstad, Olav"]
[Result "0-1"]
[WhiteElo "1500"]
[BlackElo "1936"]
[PlyCount "44"]
[EventDate "2007.??.??"]

1. d4 c6 2. c4 d5 3. b3 Bf5 4. g3 e6 5. Bg2 Nf6 6. Bg5 Bb4+ 7. Nd2 dxc4 8. a3
Bc3 9. Ra2 Qxd4 10. Ngf3 Bxd2+ 11. Rxd2 Qc3 12. O-O O-O 13. Bxf6 Qxf6 14. bxc4
Na6 15. Qb3 Qe7 16. Rfd1 Nc5 17. Qe3 Ne4 18. Rd7 Rad8 19. Qd4 Rxd7 20. Qxd7
Qxd7 21. Rxd7 Nc5 22. Nd2 Nxd7 0-1

[Event "Politiken Cup 2007"]
[Site "Helsingor"]
[Date "2007.07.22"]
[Round "2.113"]
[White "Karlsson, Patrik"]
[Black "Hrafnkelsson, Gisli"]
[Result "1-0"]
[WhiteElo "1934"]
[BlackElo "1505"]
[PlyCount "41"]
[EventDate "2007.??.??"]

1. e4 e5 2. Nf3 Nc6 3. Bb5 a6 4. Ba4 Nf6 5. O-O b5 6. Bb3 Be7 7. Re1 O-O 8. c3
d6 9. h3 Na5 10. Bc2 c5 11. d4 Qc7 12. b3 cxd4 13. cxd4 Bd7 14. Bb2 Rac8 15.
Bd3 Nc6 16. a3 exd4 17. Nxd4 Ne5 18. Bf1 Qb7 19. Nd2 Bc6 20. Nf5 Bd8 21. Nxd6
1-0

[Event "Politiken Cup 2007"]
[Site "Helsingor"]
[Date "2007.07.22"]
[Round "2.114"]
[White "Wilsbeck, Jan B"]
[Black "Hinman, Chris"]
[Result "1-0"]
[WhiteElo "1925"]
[BlackElo "1478"]
[PlyCount "65"]
[EventDate "2007.??.??"]

1. e4 c5 2. Nf3 Nc6 3. d4 cxd4 4. Nxd4 Nf6 5. Nc3 e5 6. Ndb5 d6 7. Nd5 Nxd5 8.
exd5 Nb8 9. c4 Be7 10. Be3 O-O 11. Be2 a6 12. Nc3 f5 13. f3 Bh4+ 14. g3 f4 15.
Bf2 fxg3 16. hxg3 Bg5 17. Ne4 Bf5 18. Nxg5 Qxg5 19. Qd2 Qf6 20. Be3 Nd7 21. b4
b6 22. Rc1 Rfc8 23. O-O a5 24. a3 axb4 25. axb4 h6 26. g4 Bh7 27. c5 bxc5 28.
Bb5 Rcb8 29. Bxd7 Rxb4 30. Ra1 Rxa1 31. Rxa1 Qxf3 32. Be6+ Kf8 33. Rf1 1-0

[Event "Politiken Cup 2007"]
[Site "Helsingor"]
[Date "2007.07.22"]
[Round "2.115"]
[White "Gade, Jens"]
[Black "Reppen, Ellisiv"]
[Result "1/2-1/2"]
[WhiteElo "1462"]
[BlackElo "1922"]
[PlyCount "67"]
[EventDate "2007.??.??"]

1. f4 d5 2. Nf3 Nf6 3. e3 e6 4. Be2 Be7 5. b3 O-O 6. Bb2 c5 7. O-O Nc6 8. Kh1
b6 9. c4 d4 10. exd4 cxd4 11. d3 Bb7 12. Na3 Bd6 13. Nd2 Qb8 14. g3 Ne7+ 15.
Kg1 Nf5 16. Nc2 Rd8 17. Bf3 Ne3 18. Nxe3 dxe3 19. Bxf6 gxf6 20. Ne4 Be7 21. Qe2
f5 22. Nc3 Bf6 23. Rac1 Bxf3 24. Rxf3 Qd6 25. Kg2 Qxd3 26. Rxe3 Qd6 27. Rd1
Qc6+ 28. Kh3 Kh8 29. Red3 Rxd3 30. Qxd3 Rg8 31. Rf1 Rd8 32. Qf3 Qc5 33. Rd1 Rg8
34. Kg2 1/2-1/2

[Event "Politiken Cup 2007"]
[Site "Helsingor"]
[Date "2007.07.22"]
[Round "2.116"]
[White "Lynge, Torben"]
[Black "Pallesen, Jørn"]
[Result "1-0"]
[WhiteElo "1920"]
[BlackElo "1462"]
[PlyCount "76"]
[EventDate "2007.??.??"]

1. e4 c5 2. Bc4 g6 3. Nf3 Nc6 4. Nc3 Bg7 5. d3 Nf6 6. h3 O-O 7. O-O d6 8. Re1
Bd7 9. Bf4 Nh5 10. Bd2 Na5 11. Bb3 Nxb3 12. axb3 Bc6 13. Qc1 a6 14. Ng5 e5 15.
Nd5 Bxd5 16. exd5 Nf6 17. c4 h6 18. Ne4 Nxe4 19. dxe4 g5 20. b4 Rc8 21. bxc5
Rxc5 22. b4 Rc8 23. c5 Qc7 24. Be3 f5 25. f3 f4 26. Bf2 Rfd8 27. Qa3 Bf8 28.
Rec1 dxc5 29. bxc5 Ra8 30. Qb3 Qf7 31. Qb6 Rab8 32. Rcb1 Qe8 33. d6 Rdc8 34.
Qb3+ Kh7 35. Qd5 Rc6 36. d7 Qe7 37. Rxb7 Rxc5 38. d8=Q Qxb7 1-0

[Event "Politiken Cup 2007"]
[Site "Helsingor"]
[Date "2007.07.22"]
[Round "2.117"]
[White "Viljanen, Jouko"]
[Black "Hirneise, Lothar"]
[Result "1-0"]
[WhiteElo "1917"]
[BlackElo "1450"]
[PlyCount "99"]
[EventDate "2007.??.??"]

1. d4 Nf6 2. c4 g6 3. Nc3 Bg7 4. e4 d6 5. f3 O-O 6. Be3 e5 7. d5 Nbd7 8. Bd3
Nh5 9. Nge2 Nc5 10. Bc2 f5 11. O-O f4 12. Bf2 Kh8 13. b4 Nd7 14. c5 b6 15. Ba4
Rg8 16. Bc6 Rb8 17. Qa4 bxc5 18. bxc5 a6 19. Qa5 g5 20. cxd6 cxd6 21. Qxd8 Rxd8
22. Rab1 Nhf6 23. Ba7 Rxb1 24. Rxb1 Rg8 25. Na4 g4 26. Kf2 gxf3 27. gxf3 Nh5
28. Nb6 Nxb6 29. Rxb6 Bf6 30. Ng1 Bh4+ 31. Kf1 Ng3+ 32. hxg3 Bxg3 33. Rb8 h5
34. Bb7 Bxb7 35. Rxb7 Rc8 36. Rb8 Rxb8 37. Bxb8 Bh4 38. Bxd6 Bf6 39. Nh3 Kg8
40. Nxf4 exf4 41. Bxf4 Kf7 42. e5 Bd8 43. Be3 Kg6 44. e6 Kf6 45. Bd4+ Ke7 46.
Be5 Bb6 47. f4 Be3 48. f5 Bg5 49. d6+ Ke8 50. f6 1-0

[Event "Politiken Cup 2007"]
[Site "Helsingor"]
[Date "2007.07.22"]
[Round "2.118"]
[White "Rydberg, Dennis"]
[Black "Andersen, Harry"]
[Result "0-1"]
[WhiteElo "1410"]
[BlackElo "1912"]
[PlyCount "88"]
[EventDate "2007.??.??"]

1. e4 e5 2. Nf3 Nc6 3. Bb5 a6 4. Bxc6 dxc6 5. O-O Bg4 6. h3 Bh5 7. d3 Nf6 8.
Bg5 h6 9. Bh4 g5 10. Bg3 g4 11. hxg4 Bxg4 12. Bxe5 Rg8 13. Qe2 Nd7 14. Bg3 Qf6
15. Nc3 Bc5 16. e5 Qg6 17. Qe4 Bxf3 18. Qxf3 Qxg3 19. Qxg3 Rxg3 20. d4 Bxd4 21.
Rad1 Rg4 22. Rfe1 O-O-O 23. Re2 Rdg8 24. Red2 Nxe5 25. Kf1 Bxc3 26. bxc3 Rxg2
27. Ke2 Rg1 28. Rd8+ Rxd8 29. Rxg1 Nc4 30. Rg4 b5 31. Rg7 Rd2+ 32. Kf3 Rxc2 33.
Rh7 Rxc3+ 34. Kg4 f5+ 35. Kxf5 Rf3+ 36. Ke6 Rxf2 37. Rxh6 Rxa2 38. Ke7 Re2+ 39.
Kf7 Kb7 40. Rh1 a5 41. Ra1 a4 42. Rb1 a3 43. Ra1 a2 44. Rxa2 Rxa2 0-1

[Event "Politiken Cup 2007"]
[Site "Helsingor"]
[Date "2007.07.22"]
[Round "2.119"]
[White "Pieri, Enzo"]
[Black "Gasenova, Ulker"]
[Result "1-0"]
[WhiteElo "1909"]
[BlackElo "1400"]
[PlyCount "35"]
[EventDate "2007.??.??"]

1. e4 c5 2. Nf3 d6 3. d4 cxd4 4. Nxd4 Nf6 5. Nc3 e6 6. Bd3 a6 7. O-O b5 8. a3
Bb7 9. Kh1 Nc6 10. Nxc6 Bxc6 11. Bg5 Be7 12. f4 Qc7 13. Qe2 O-O 14. Rf3 Rae8
15. Rh3 Kh8 16. e5 Nd5 17. Rxh7+ Kg8 18. Rh8+ 1-0

[Event "Politiken Cup 2007"]
[Site "Helsingor"]
[Date "2007.07.22"]
[Round "2.120"]
[White "Jørgensen, Rasmus"]
[Black "Hansen, Henrik Damgaard"]
[Result "1-0"]
[WhiteElo "1399"]
[BlackElo "1904"]
[PlyCount "87"]
[EventDate "2007.??.??"]

1. e4 d5 2. exd5 Nf6 3. d4 Bg4 4. Be2 Bxe2 5. Nxe2 Qxd5 6. O-O e6 7. Nbc3 Qd7
8. Re1 Nc6 9. h3 O-O-O 10. Be3 a6 11. a3 Be7 12. b4 Nd5 13. b5 axb5 14. Nxb5
Nxe3 15. fxe3 e5 16. c3 b6 17. e4 Na5 18. c4 exd4 19. Kh1 Bc5 20. Qa4 c6 21.
Rab1 cxb5 22. Rxb5 Qc6 23. Rxa5 Qxa4 24. Rxa4 Kb7 25. Rd1 Rhe8 26. Nf4 Rxe4 27.
Nd3 Kc6 28. Ra7 Rd7 29. Ra8 Kb7 30. Ra5 Kc6 31. Ra8 f6 32. a4 Ree7 33. Rb1 Ra7
34. Rxa7 Rxa7 35. Ra1 Re7 36. a5 bxa5 37. Rxa5 Bd6 38. Ra6+ Kd7 39. Ra7+ Bc7
40. g4 g5 41. Nb4 Re1+ 42. Kg2 Rc1 43. Nd5 Rxc4 44. Nb6+ 1-0

[Event "Politiken Cup 2007"]
[Site "Helsingor"]
[Date "2007.07.22"]
[Round "2.121"]
[White "Sjol, Henrik"]
[Black "Larsen, Bjarke"]
[Result "1-0"]
[WhiteElo "1904"]
[BlackElo "1395"]
[PlyCount "45"]
[EventDate "2007.??.??"]

1. c4 e5 2. g3 f5 3. Bg2 Nf6 4. Nc3 Bc5 5. e3 Nc6 6. Nge2 e4 7. d3 exd3 8. Nf4
Nb4 9. Nxd3 Nxd3+ 10. Qxd3 d6 11. O-O O-O 12. Nd5 c6 13. Nc3 Ng4 14. b3 Ne5 15.
Qc2 Qf6 16. Na4 f4 17. exf4 Nd7 18. Bb2 Qf5 19. Qxf5 Rxf5 20. Rad1 Nf6 21. Nxc5
dxc5 22. Rd8+ Kf7 23. Bh3 1-0

[Event "Politiken Cup 2007"]
[Site "Helsingor"]
[Date "2007.07.22"]
[Round "2.122"]
[White "Larsen, Alex"]
[Black "Rasmussen, Henning"]
[Result "0-1"]
[WhiteElo "1336"]
[BlackElo "1902"]
[PlyCount "106"]
[EventDate "2007.??.??"]

1. d4 Nf6 2. c4 g6 3. Nc3 Bg7 4. Bf4 d6 5. h3 O-O 6. e3 Nbd7 7. Bd3 e5 8. dxe5
dxe5 9. Bh2 Re8 10. Nge2 b6 11. O-O Bb7 12. Ng3 a6 13. b3 Nc5 14. Bc2 Qe7 15.
e4 c6 16. Qf3 Red8 17. Rfd1 Ne8 18. Rxd8 Rxd8 19. Rd1 Ne6 20. Rxd8 Qxd8 21. Qd3
Qxd3 22. Bxd3 Nd6 23. Nd1 Nd4 24. Ne2 Nxe2+ 25. Bxe2 Nxe4 26. f4 exf4 27. Bxf4
Nc3 28. Nxc3 Bxc3 29. Bf3 Bd4+ 30. Kf1 a5 31. a4 f5 32. g4 fxg4 33. hxg4 Bc8
34. Bxc6 Bxg4 35. Bd5+ Kg7 36. Ke1 h5 37. Bd2 Bc5 38. Bc3+ Kh6 39. Bd2+ g5 40.
Be4 h4 41. Bc2 h3 42. Be4 h2 43. Bc3 Bf5 44. Bf3 g4 45. Bg2 Bc2 46. Be5 Bg1 47.
c5 bxc5 48. Bc7 Bxb3 49. Bxa5 Bxa4 50. Kd2 c4 51. Bc7 Kg5 52. Bg3 c3+ 53. Kxc3
Bd1 0-1

[Event "Politiken Cup 2007"]
[Site "Helsingor"]
[Date "2007.07.22"]
[Round "2.123"]
[White "Ziska, Andrias"]
[Black "Rolvaag, Birk Anders"]
[Result "1/2-1/2"]
[WhiteElo "1901"]
[BlackElo "1320"]
[PlyCount "104"]
[EventDate "2007.??.??"]

1. e4 c5 2. Nf3 Nc6 3. d4 cxd4 4. Nxd4 g6 5. Nc3 Bg7 6. Be3 Nf6 7. f3 O-O 8.
Qd2 d6 9. O-O-O Bd7 10. g4 a6 11. h4 Rc8 12. h5 b5 13. hxg6 fxg6 14. Kb1 Qc7
15. g5 Nxd4 16. Bxd4 b4 17. gxf6 bxc3 18. Qh2 exf6 19. Bxc3 Rb8 20. Qd2 Rfc8
21. Bd4 a5 22. Ba6 Rd8 23. Qc3 Qxc3 24. Bxc3 Be6 25. a4 Ra8 26. Bb5 f5 27. Bxg7
Kxg7 28. Rh2 fxe4 29. fxe4 h5 30. Kc1 Kf6 31. Rg1 g5 32. Rf1+ Kg6 33. Rhf2 Bh3
34. Rf6+ Kg7 35. Rf7+ Kg8 36. R1f6 Rf8 37. Rxf8+ Rxf8 38. Rxd6 g4 39. Rh6 Rf4
40. e5 Rf5 41. e6 Kg7 42. e7 Re5 43. Rxh5 Rxe7 44. Bd3 Kf6 45. Rf5+ Ke6 46. Rg5
Kf6 47. Rxa5 g3 48. Ra6+ Ke5 49. Rg6 g2 50. Kd2 Kf4 51. Be2 Re6 52. Rg8 Re8
1/2-1/2

[Event "Politiken Cup 2007"]
[Site "Helsingor"]
[Date "2007.07.22"]
[Round "2.124"]
[White "Fjellengen, Baard"]
[Black "Jensen, Hans Askov"]
[Result "0-1"]
[WhiteElo "1899"]
[BlackElo "1319"]
[PlyCount "66"]
[EventDate "2007.??.??"]

1. d4 Nf6 2. c4 e6 3. a3 c5 4. e3 cxd4 5. exd4 Be7 6. Nc3 O-O 7. Nf3 d5 8. Bd3
dxc4 9. Bxc4 Qa5 10. O-O Bd7 11. Qe2 Bc6 12. Ne5 Qd8 13. Be3 a6 14. Nxc6 Nxc6
15. Rfd1 b5 16. d5 bxc4 17. dxc6 Qc7 18. Qxc4 Rfc8 19. Rac1 Qxc6 20. Qe2 Qb7
21. Na4 Nd5 22. b4 Qb5 23. Qxb5 axb5 24. Nb6 Rxc1 25. Rxc1 Nxb6 26. Bxb6 h5 27.
g3 Rxa3 28. Rc8+ Kh7 29. Rc7 Bxb4 30. Rxf7 Bc3 31. Re7 b4 32. Bc5 Ra5 33. Rc7
Rb5 0-1

[Event "Politiken Cup 2007"]
[Site "Helsingor"]
[Date "2007.07.22"]
[Round "2.125"]
[White "Edwardsson, Hannu Kalervo"]
[Black "Hernandez Castro, Julio Cesar"]
[Result "0-1"]
[WhiteElo "1300"]
[BlackElo "1898"]
[PlyCount "112"]
[EventDate "2007.??.??"]

1. e4 c6 2. c4 d5 3. cxd5 cxd5 4. exd5 Qxd5 5. Nf3 Nf6 6. Be2 g6 7. O-O Bg7 8.
Nc3 Qd6 9. d3 a6 10. Ne4 Nxe4 11. dxe4 Qc7 12. Rb1 O-O 13. Be3 Nc6 14. b3 Rd8
15. Qc2 Bg4 16. h3 Bxf3 17. Bxf3 Rac8 18. Rfd1 Nd4 19. Qxc7 Rxc7 20. Bxd4 Rxd4
21. g3 Be5 22. Kg2 Rc2 23. Rxd4 Bxd4 24. Bg4 Rxf2+ 25. Kh1 Rxa2 26. Rd1 e5 27.
Rc1 h5 28. Bc8 b6 29. Rc7 a5 30. Bb7 Rf2 31. Bd5 g5 32. Rb7 Kg7 33. Rd7 Kg6 34.
Rb7 f5 35. exf5+ Kxf5 36. Rf7+ Kg6 37. Rb7 Rf1+ 38. Kg2 Rf2+ 39. Kh1 h4 40. g4
Rf1+ 41. Kg2 Rf2+ 42. Kh1 Rf4 43. Rb8 e4 44. Rg8+ Kf6 45. Rf8+ Ke5 46. Rxf4
Kxf4 47. Kg2 Ke3 48. Bc4 Kd2 49. Kf1 Kc3 50. Ke2 e3 51. Bd5 b5 52. Be6 a4 53.
bxa4 bxa4 54. Bd5 a3 55. Be6 Bb6 56. Bd5 Kb2 0-1

[Event "Politiken Cup 2007"]
[Site "Helsingor"]
[Date "2007.07.22"]
[Round "2.126"]
[White "Schmidt, Horst Hubert"]
[Black "Fjellheim, Marius"]
[Result "1-0"]
[WhiteElo "1896"]
[BlackElo "1318"]
[PlyCount "123"]
[EventDate "2007.??.??"]

1. e4 e6 2. d4 d5 3. e5 c5 4. c3 Bd7 5. Be3 cxd4 6. cxd4 Qb6 7. Qd2 Bb5 8.
Bxb5+ Qxb5 9. Nc3 Qa6 10. Nge2 Ne7 11. O-O Nbc6 12. Ng3 Ng6 13. f4 O-O-O 14. f5
Ngxe5 15. fxe6 Nc4 16. Qf2 fxe6 17. Qf7 Rd6 18. Bf4 Nd8 19. Qe8 Rd7 20. b3 Nd6
21. Bxd6 Qxd6 22. Nb5 Qe7 23. Rac1+ Kb8 24. Qh5 Nc6 25. Rce1 Qb4 26. Qe2 Nxd4
27. Qe5+ Bd6 28. Nxd6 Rxd6 29. a3 Qb6 30. Kh1 Rhd8 31. Qxg7 Nc6 32. Qxh7 d4 33.
Ne4 R6d7 34. Qh6 e5 35. b4 d3 36. Nc5 Rd6 37. Qd2 Qb5 38. Rf7 b6 39. Nb7 R6d7
40. Nxd8 Rxd8 41. Rf6 Qd5 42. Rc1 e4 43. Rfxc6 e3 44. Qxe3 d2 45. Qf4+ Kb7 46.
Rc7+ Ka6 47. Qf1+ b5 48. R1c6+ Qxc6 49. Rxc6+ Kb7 50. Qxb5+ Ka8 51. Rc8+ Rxc8
52. Qd5+ Kb8 53. Qxd2 Rc4 54. h3 Kb7 55. a4 a5 56. Qd5+ Rc6 57. b5 Kb8 58. Qxc6
Ka7 59. b6+ Ka6 60. b7+ Ka7 61. Qc7 Ka6 62. b8=N# 1-0

[Event "Politiken Cup 2007"]
[Site "Helsingor"]
[Date "2007.07.22"]
[Round "2.127"]
[White "Braüner, Jonathan"]
[Black "Sigurdsson, Pall"]
[Result "0-1"]
[WhiteElo "1284"]
[BlackElo "1893"]
[PlyCount "54"]
[EventDate "2007.??.??"]

1. e4 d5 2. exd5 Qxd5 3. Nc3 Qd6 4. Nf3 Nf6 5. h3 a6 6. Bc4 Nc6 7. d4 Bf5 8.
O-O O-O-O 9. Ne2 e5 10. Bxf7 h6 11. Be3 g5 12. dxe5 Nxe5 13. Qxd6 Nxf3+ 14.
gxf3 Bxd6 15. Kg2 Bxc2 16. Nd4 Ba4 17. Rac1 Bd7 18. Ne6 Bxe6 19. Bxe6+ Kb8 20.
Bd4 Rhf8 21. Bxf6 Rxf6 22. Bg4 Be5 23. Rc2 Rfd6 24. Re1 Bf4 25. Ree2 Rd1 26. b3
Ra1 27. Rb2 Rdd1 0-1

[Event "Politiken Cup 2007"]
[Site "Helsingor"]
[Date "2007.07.22"]
[Round "2.128"]
[White "Christensen, Emilie Ellegaard"]
[Black "Agdestein, Einar Døving"]
[Result "1/2-1/2"]
[WhiteElo "1880"]
[BlackElo "1314"]
[PlyCount "83"]
[EventDate "2007.??.??"]

1. d4 d5 2. c4 c6 3. Nc3 Nf6 4. Nf3 dxc4 5. a4 Bf5 6. Bg5 Nbd7 7. e3 e6 8. Bxc4
Bb4 9. O-O Qa5 10. Bxf6 Nxf6 11. Qb3 Rb8 12. h3 h6 13. Ne5 O-O 14. Bd3 Bxd3 15.
Nxd3 Be7 16. Rfc1 Rfc8 17. Rab1 Nd5 18. e4 Nb4 19. Ne5 Qd8 20. Nf3 Rc7 21. Na2
a5 22. Nxb4 Bxb4 23. Rc4 Rd7 24. Rd1 c5 25. Qe3 b5 26. axb5 Rxb5 27. Rdc1 cxd4
28. Nxd4 Bc5 29. Rxc5 Rxc5 30. Rxc5 Rxd4 31. Qc3 Rd1+ 32. Kh2 Qb6 33. Qc2 Qd6+
34. e5 Qd3 35. Qxd3 Rxd3 36. Rxa5 Rd2 37. Ra8+ Kh7 38. b4 Rxf2 39. Kg3 Rb2 40.
Rb8 Kg6 41. Kf3 Kf5 42. Rb5 1/2-1/2

[Event "Politiken Cup 2007"]
[Site "Helsingor"]
[Date "2007.07.22"]
[Round "2.129"]
[White "Tudvad, Mads"]
[Black "Olafsson, Olafur"]
[Result "1-0"]
[WhiteElo "1873"]
[BlackElo "1300"]
[PlyCount "45"]
[EventDate "2007.??.??"]

1. d4 g6 2. Nf3 Bg7 3. Bf4 Nf6 4. e3 d6 5. c3 O-O 6. Nbd2 Nbd7 7. Be2 b6 8. h4
Nh5 9. Bh2 e5 10. g4 Nhf6 11. g5 Nd5 12. h5 f5 13. gxf6 Qxf6 14. dxe5 Nxe5 15.
Bxe5 dxe5 16. Ne4 Qc6 17. Qb3 Be6 18. Neg5 Bf7 19. Nxf7 Rxf7 20. Bc4 Rd8 21.
O-O-O Rfd7 22. Bxd5+ Rxd5 23. e4 1-0

[Event "Politiken Cup 2007"]
[Site "Helsingor"]
[Date "2007.07.22"]
[Round "2.130"]
[White "Kristensen, Steffen Michael"]
[Black "Cromsight, Jeroen"]
[Result "0-1"]
[WhiteElo "1250"]
[BlackElo "1872"]
[PlyCount "56"]
[EventDate "2007.??.??"]

1. Nf3 Nf6 2. d4 c5 3. g3 g6 4. Bg2 Bg7 5. O-O cxd4 6. Nxd4 O-O 7. Nc3 Nc6 8.
Nxc6 bxc6 9. Ne4 Nxe4 10. Bxe4 e5 11. Qd6 f5 12. Bg2 Ba6 13. Re1 e4 14. Rb1 Rf6
15. Qa3 Qc8 16. Bg5 Re6 17. Qe3 d5 18. c3 c5 19. Qd2 d4 20. cxd4 cxd4 21. Rec1
Rc6 22. Rxc6 Qxc6 23. Bh6 Bxh6 24. Qxh6 Rc8 25. Qd2 Qc2 26. Qxc2 Rxc2 27. f3 d3
28. exd3 exd3 0-1

[Event "Politiken Cup 2007"]
[Site "Helsingor"]
[Date "2007.07.22"]
[Round "2.131"]
[White "Oskarsson, Aron Ingi"]
[Black "Edakina, Maria"]
[Result "1-0"]
[WhiteElo "1871"]
[BlackElo "1281"]
[PlyCount "59"]
[EventDate "2007.??.??"]

1. e4 e6 2. d4 d5 3. exd5 exd5 4. c4 Nf6 5. Nc3 dxc4 6. Bxc4 c6 7. Nf3 Be7 8.
O-O O-O 9. h3 b5 10. Bd3 a6 11. Bf4 Nbd7 12. Ne4 Nd5 13. Bg3 N7f6 14. Rc1 Qb6
15. a3 Nxe4 16. Bxe4 Bb7 17. Ne5 g6 18. Nd7 Qd8 19. Nxf8 Bxf8 20. Qf3 Bg7 21.
Rfd1 Qg5 22. Rc5 Bf8 23. Bxd5 Qf5 24. Bxc6 Qxf3 25. Bxf3 Bxf3 26. gxf3 Bxc5 27.
dxc5 Rc8 28. b4 Rc6 29. Rd6 Rxd6 30. Bxd6 1-0

[Event "Politiken Cup 2007"]
[Site "Helsingor"]
[Date "2007.07.22"]
[Round "2.132"]
[White "Kristensen, Sacha"]
[Black "Minguez Greciano, Iluminada"]
[Result "0-1"]
[WhiteElo "1241"]
[BlackElo "1861"]
[PlyCount "106"]
[EventDate "2007.??.??"]

1. d4 d5 2. e4 c6 3. exd5 cxd5 4. c4 Nc6 5. Be3 Nf6 6. Nc3 e6 7. a3 Be7 8. Nf3
O-O 9. Bd3 dxc4 10. Bxc4 Nd5 11. Nxd5 exd5 12. Bd3 Bg4 13. O-O Bf6 14. Be2 Qb6
15. Ne5 Bxe2 16. Qxe2 Rad8 17. Nxc6 Qxc6 18. Rfd1 Rfe8 19. Qd2 Qb6 20. Rac1 Be7
21. Bf4 Bd6 22. Bg5 Rc8 23. Be3 Qb5 24. Rc2 Rxc2 25. Qxc2 Qc4 26. Qd2 Rc8 27.
Rc1 Qxc1+ 28. Qxc1 Rxc1+ 29. Bxc1 Kf8 30. g3 Ke7 31. Kg2 Kd7 32. Kf3 Kc6 33. b3
Kb5 34. Ke3 a5 35. Kd3 a4 36. Kc3 Be7 37. h4 h5 38. b4 Bd6 39. Bd2 Be7 40. Bc1
Kc6 41. Bf4 b5 42. Kd3 Kd7 43. Be5 f6 44. Bf4 Ke6 45. Ke2 Kf5 46. f3 g5 47.
hxg5 fxg5 48. Be3 g4 49. Ke1 Bf6 50. f4 Be7 51. Kd2 h4 52. gxh4 Bxh4 53. Kd3
Bg3 0-1

[Event "Politiken Cup 2007"]
[Site "Helsingor"]
[Date "2007.07.22"]
[Round "2.133"]
[White "Pijlman, Rene"]
[Black "Zmylon, Frederik Nielsen"]
[Result "1-0"]
[WhiteElo "1854"]
[BlackElo "1174"]
[PlyCount "41"]
[EventDate "2007.??.??"]

1. e4 c5 2. Nc3 Nc6 3. f4 d6 4. Bb5 Bd7 5. Nf3 a6 6. Bxc6 Bxc6 7. d3 g6 8. O-O
Qb6 9. Kh1 Nf6 10. Qe1 Bg7 11. Rb1 c4 12. d4 Nd7 13. d5 Bb5 14. a4 Bxc3 15.
Qxc3 Bxa4 16. Qxh8+ Nf8 17. Qd4 Qd8 18. h3 Bd7 19. Be3 e5 20. fxe5 dxe5 21.
Nxe5 1-0